000 00732nam a2200229 i 4500
001 140831
003 ES-MaACL
005 20240516063055.0
007 t|
008 070917s1910 fr ||||1| fre d
100 0 _aWells, H. G.,
_d1866-1946
_9116458
245 1 0 _aAu temps de la comète
_b: roman /
_cH. -G. Wells ; traduit par Henry-D. Davray et B. Kozakiewicz.
250 _a4e. ed.
260 _aParis :
_bMercure de France,
_c1910.
300 _a392 p. ;
_c19 cm.
490 1 _aCollection d'auteurs étrangers
700 1 _aKozakiewicz, B.
_968689
700 0 _aDavray, Henry D.
_942995
830 0 _aCollection d'auteurs étrangers
_9183465
852 _aES-MaACL
_jF-11437
999 _c140831
_d140831